[Event "World Amateur-ch U2000 (Women)"]
[Site "Spoleto"]
[Date "2017.04.03"]
[Round "4"]
[White "Farmazyan, Armine"]
[Black "Saumy, Zainab"]
[Result "0-1"]
[WhiteElo "1755"]
[BlackElo "1814"]
[PlyCount "106"]
[EventDate "2017.04.01"]
[EventType "swiss"]
[EventRounds "9"]
[EventCountry "ITA"]
[SourceTitle "EXT 2024"]
[Source "ChessBase"]
[SourceDate "2023.10.10"]
[SourceVersion "1"]
[SourceVersionDate "2023.10.10"]
[SourceQuality "1"]

1. e4 c5 2. d4 cxd4 3. c3 dxc3 4. Nxc3 Nc6 5. Nf3 d6 6. Bc4 a6 7. 0-0 Nf6 8. Qe2 Bg4 9. Rd1 e6 10. Bf4 Qb8 11. h3 Bxf3 12. Qxf3 Be7 13. a3 0-0 14. Rac1 Rc8 15. Ba2 b5 16. b4 a5 17. Qd3 axb4 18. Nxb5 Ne5 19. Qe2 Rxc1 20. Rxc1 bxa3 21. Rc3 h6 22. Rxa3 Rxa3 23. Nxa3 Qa8 24. Nc4 Nxc4 25. Qxc4 Qxe4 26. Qc8+ Kh7 27. Be3 d5 28. Qb7 Qb4 29. Qxb4 Bxb4 30. Bb1+ g6 31. Bd4 Nd7 32. Bc2 e5 33. Be3 d4 34. Bc1 Nc5 35. Kf1 e4 36. Bb2 d3 37. Bd1 f5 38. Bd4 Ne6 39. Bb2 f4 40. Bc1 g5 41. Bb2 Kg6 42. Bc1 Kf6 43. Bb2+ Ke7 44. g3 Kd6 45. Kg2 Kc5 46. gxf4 gxf4 47. h4 Kc4 48. Kf1 Bd2 49. Bg4 Kd5 50. Bd1 e3 51. fxe3 fxe3 52. Bf3+ Kd6 53. Bd1 Nf4 0-1